00601nam a2200193Ia 4500003000400000008004100004020001500045040001600060082001600076100001800092245007600110700002600186260005200212300002700264490003200291650002000323650002700343650003700370GCL140319s9999 xx 000 0 eng d a1857715190 aGCL / cGCL04a823.01bW C1 aWAUGH, EVELYN10aTHE COMPLETED SHORT STORIES : bAND SELECTED DRAWINGS / cWAUGH, EVELYN1 aSLATER, ANN PASTERNAK aانجلترا : bEVERYMAN'S LIBRARY ، c1998 a21 CM ؛ cIXIV, 595 P aTHE MILLENNIUM LIBRARYv19004aENGLISH FICTION04aSHORT STORIES, ENGLISH04aENGLISH LITERATURE - COLLECTIONS